|
|
|
|
| LEADER |
01407nta a2200265 i 4500 |
| 001 |
dokt1142 |
| 005 |
20191209150255.0 |
| 008 |
111121s2008 hu om 0|| hun d |
| 024 |
7 |
|
|a 30791343
|2 mtmt
|
| 040 |
|
|
|a SZTE Doktori Repozitórium
|b hun
|
| 041 |
|
|
|a hun
|
| 100 |
1 |
|
|a Nyilasi Ildikó
|
| 245 |
1 |
2 |
|a A vasfelvételben szerepet játszó gének molekuláris jellemzése opportunista patogén járomspórás gombákban
|h [elektronikus dokumentum] /
|c Nyilasi Ildikó
|
| 246 |
1 |
0 |
|a Molecular analysis of genes encoding iron transport proteins in opportunistic pathogen Zygomycetes
|h [elektronikus dokumentum]
|
| 260 |
|
|
|c 2008-11-21
|
| 502 |
|
|
|a Disszertacio
|
| 650 |
|
4 |
|a biológiai tudományok
|
| 650 |
|
4 |
|a Biológiai tudományok
|
| 700 |
0 |
1 |
|a Vágvölgyi Csaba
|e ths
|
| 700 |
0 |
1 |
|a Papp Tamás
|e ths
|
| 856 |
4 |
0 |
|u https://doktori.bibl.u-szeged.hu/id/eprint/1142/1/doktori_disszertacio_Nyilasi_Ildiko.pdf
|z Dokumentum-elérés
|
| 856 |
4 |
0 |
|u https://doktori.bibl.u-szeged.hu/id/eprint/1142/2/magyar_tezisek_Nyilasi_Ildiko.pdf
|z Dokumentum-elérés
|
| 856 |
4 |
0 |
|u https://doktori.bibl.u-szeged.hu/id/eprint/1142/3/angol_tezisek_Nyilasi_Ildiko.pdf
|z Dokumentum-elérés
|
| 856 |
4 |
0 |
|u https://doktori.bibl.u-szeged.hu/id/eprint/1142/10/2008_nyilasi_ildiko_publikacios_lista.pdf
|z Dokumentum-elérés
|
| 856 |
4 |
0 |
|u https://doktori.bibl.u-szeged.hu/id/eprint/1142/11/2008_nyilasi_ildiko_birl.pdf
|z Dokumentum-elérés
|